000 00716nam a2200289Ia 4500
005 20260121124539.0
008 008 260114s9999 xx 000 0 eng d
020 _a9781474434416
037 _aEBOOK
040 _aCRL
040 _beng
040 _cCRL
041 _2eng
041 _aeng
084 _qCRL
100 _aBerger, Benjamin
_9977835
245 4 _aThe Schelling-Eschenmayer Controversy, 1801
260 _bWalter de Gruyter
260 _bWalter de Gruyter
260 _c2020
650 _aPhilosophy
_9977836
700 _a Whistler, Daniel
_9977837
856 _uhttp://www.degruyter.com/isbn/9781474434416
942 _cEBOOK
999 _c1555398
_d1555398